LEADER 00585nam a2200169 i 4500 001 000000020991 003 CaOOAMICUS 005 20180830125445.0 008 180830n it u000 u ita u 040 $aSeMil$bita 100 1 $aBorghi, Ruggero.$0(OLS)http://semarc/name/9390 245 10$aOpere di Ruggero Borghi. 260 $aFirenze :$bLe Monnier,$c[1937?] 300 $av. ;$c22 cm. 774 0 $tRitratti e studi di vita religiosa.$g7$w()178572 996 $6245$aOpere di Ruggero Borghi$9(OLS)http://semarc/title/27729 996 $6260$aFirenze :$bLe Monnier$9(OLS)http://semarc/publisher/30060 LEADER 00848nam a2200205 i 4500 001 000000183844 003 CaOOAMICUS 005 20151026000000.0 008 151026s1840 it u000 u ger u 013 $a161814 040 $aSeMil$bita 100 1 $aSilbert, Johann Peter.$0(OLS)http://semarc/name/67616 245 14$aDas Leben Maria, der jungfraulichen Mutter Gottes /$cvon J. P. Silbert. 260 $aLeipzig :$bLiebeskind,$c1840. 300 $aVIII, 241 p., 8 c. di tav. :$bill. ;$c29 cm. 600 04$aMaria .$0(OLS)http://semarc/subject/5190 850 $aSeMil 852 $aSeMil$W1$xVenegono$y1$m3J VI 47 FA$j134544$B134544$CSeMilBibl$Z2$F146281 $8I 996 $6245$aDas Leben Maria, der jungfraulichen Mutter Gottes$9(OLS)http://semarc/title/263865 996 $6260$aLeipzig :$bLiebeskind$9(OLS)http://semarc/publisher/49735